LEADER 01754nam 2200565Ia 450 001 9910465234503321 005 20200520144314.0 010 $a1-61209-906-8 035 $a(CKB)2560000000070893 035 $a(EBL)3019012 035 $a(SSID)ssj0000472168 035 $a(PQKBManifestationID)12124157 035 $a(PQKBTitleCode)TC0000472168 035 $a(PQKBWorkID)10433319 035 $a(PQKB)10155209 035 $a(MiAaPQ)EBC3019012 035 $a(Au-PeEL)EBL3019012 035 $a(CaPaEBR)ebr10662818 035 $a(OCoLC)701053851 035 $a(EXLCZ)992560000000070893 100 $a20100204d2010 uy 0 101 0 $aeng 135 $aur|n|---||||| 181 $ctxt 182 $cc 183 $acr 200 10$aPolice management$b[electronic resource] $eprofessional integrity in policing /$fPetter Gottschalk 210 $aNew York $cNova Science Publisher's$dc2010 215 $a1 online resource (176 p.) 225 0 $aCriminal justice, law enforcement and corrections 300 $aDescription based upon print version of record. 311 $a1-60876-903-8 320 $aIncludes bibliographical references and index. 410 0$aCriminal Justice, Law Enforcement and Corrections 606 $aPolice administration 606 $aPolice$xComplaints against 606 $aPolice corruption 608 $aElectronic books. 615 0$aPolice administration. 615 0$aPolice$xComplaints against. 615 0$aPolice corruption. 676 $a363.2/2 700 $aGottschalk$b Petter$f1950-$0522727 801 0$bMiAaPQ 801 1$bMiAaPQ 801 2$bMiAaPQ 906 $aBOOK 912 $a9910465234503321 996 $aPolice management$92467564 997 $aUNINA LEADER 04319nam 2200721 450 001 9910728655403321 005 20230627234923.0 010 $a3-95487-818-6 024 7 $a10.31819/9783954878185 035 $a(CKB)3710000001056566 035 $a(MiAaPQ)EBC5635152 035 $a(DE-B1597)516787 035 $a(OCoLC)972565280 035 $a(DE-B1597)9783954878185 035 $a(MiAaPQ)EBC6320102 035 $a(Au-PeEL)EBL6320102 035 $a(OCoLC)1156760714 035 $a(OCoLC)1128463960 035 $a(FlNmELB)ELB37166 035 $a(MiAaPQ)EBC29347058 035 $a(Au-PeEL)EBL29347058 035 $a(OCoLC)1342498847 035 $a(EXLCZ)993710000001056566 100 $a20220523d2014 uy 0 101 0 $aspa 135 $aurcnu|||||||| 181 $2rdacontent 182 $2rdamedia 183 $2rdacarrier 200 00$aDel football al fu?tbol/futebol $ehistorias argentinas, brasileras y uruguayas en el siglo XX /$fDiego Armus y Stefan Rinke (editors) 205 $a1st ed. 210 1$aMadrid ;$aFrankfurt am Main :$cAhila :$cIberoamericana :$cVervuert,$d[2014] 210 4$d©2014 215 $a1 online resource (221 pa?ginas) 225 1 $aEstudios AHILA de historia latinoamericana ;$vNumber 11 311 0 $a84-8489-846-6 320 $aIncludes bibliographical references. 327 $tFront matter --$tÍNDICE --$tIntroducción /$rArmus, Diego / Rinke, Stefan --$tPrimera parte. Los comienzos --$tEntre 1899 e 1920: dados iniciais da história do futebol em Salvador /$rPereira da Rocha Junior, Coriolano / Reis do Espírito Santo, Fernando --$tSociedad, ciudad y fútbol en la Buenos Aires de 1920-1930 /$rD. Frydenberg, Julio --$tLa prensa escrita como actor social de un modelo deportivo. Córdoba (Argentina), primeras décadas del siglo XX /$rDamián Reyna, Franco --$tLa globalización del fútbol durante la crisis de 1930: Uruguay y la primera Copa del Mundo /$rRinke, Stefan / Facchio, Florencia --$tSegunda par te Fútbol/política /cultura --$tEl fútbol en las escuelas y colegios argentinos. Notas sobre un desencuentro en el siglo XX /$rArmus, Diego / Ariel Scharagrodsky, Pablo --$tEstadios y potreros en la pan talla. El fútbol en el cine de los años treinta y la construcción de imágenes de la argentinidad /$rNuria Gil Mariño, Cecilia --$tMiradas y prácticas del fútbol desde las izquierdas uruguayas: Montevideo (1920-1950) /$rPorrini, Rodolfo --$tO futebol e a política esportiva de Vargas e Perón: um estudo comparado /$rDrumond, Maurício --$tLa peronizaci ón del fútbol argentino: el caso del Club Atlético Atlanta de Villa Crespo /$rRein, Raanan --$tDetrás de la vidriera del Mundial. Argentina 1978: derechos humanos, censura y fútbol en la prensa italiana /$rCattarulla, Camilla --$tFutebol, identidade nacional e Ciências Sociais no Brasil /$rCarlos Ribeiro, Luiz --$t¿El ocas o del Estadio-nación? Un análisis sobre la construcción y remodelación del Maracaná para el Mundial de 2014 /$rBorges Buarque de Hollanda, Bernardo --$tSobre los autores --$tOtros títulos de Historia 330 $aEstudia la popularización y criollización del football, su transformación en fútbol en Argentina y Uruguay, y en futebol en Brasil, su consolidación como deporte profesional y de masas, y como espectáculo y fuente de pasiones. 410 0$aEstudios AHILA de historia latinoamericana ;$vNumber 11. 606 $aSoccer$zArgentina$xHistory$y20th century 606 $aSoccer$zBrazil$xHistory$y20th century 606 $aSoccer$zUruguay$xHistory$y20th century 606 $aSoccer$xPolitical aspects$zArgentina 606 $aSoccer$xPolitical aspects$zBrazil 606 $aSoccer$xPolitical aspects$zUruguay 615 0$aSoccer$xHistory 615 0$aSoccer$xHistory 615 0$aSoccer$xHistory 615 0$aSoccer$xPolitical aspects 615 0$aSoccer$xPolitical aspects 615 0$aSoccer$xPolitical aspects 676 $a796.3340982 702 $aArmus$b Diego 702 $aRinke$b Stefan$f1965- 712 02$aAsociacio?n de Historiadores Latinoamericanistas Europeos, 801 0$bMiAaPQ 801 1$bMiAaPQ 801 2$bMiAaPQ 906 $aBOOK 912 $a9910728655403321 996 $aDel football al fu?tbol$93090041 997 $aUNINA LEADER 01564nam0 2200397 i 450 001 RAV1160457 005 20251003044330.0 010 $a8807103532 020 $aIT$b2004-10947 100 $a20031110d2003 ||||0itac50 ba 101 | $aita 102 $ait 181 1$6z01$ai $bxxxe 182 1$6z01$an 200 1 $aGiustizia sommaria$epratiche e ideali di giustizia in una società di ancien régime$eTorino, 18. secolo$fSimona Cerutti 210 $aMilano$cFeltrinelli$d2003 215 $a228 p.$d22 cm. 225 | $aCampi del sapere 410 0$1001CFI0001750$12001 $aCampi del sapere 606 $aGiustizia$xTorino$xSec. 18.$2FIR$3UFIC102917$9I 676 $a347.45$9DIRITTO PROCESSUALE CIVILE E TRIBUNALI CIVILI. ITALIA$v21 676 $a347.4512009033$9$v21 676 $a347.45121$9DIRITTO PROCESSUALE CIVILE E TRIBUNALI CIVILI. TORINO$v20 676 $a347.45121009033$9$v21 696 $aAmministrazione della giustizia 699 $aGiustizia$yAmministrazione della giustizia 700 1$aCerutti$b, Simona$3BVEV008942$4070$0141883 801 3$aIT$bIT-000000$c20031110 850 $aIT-BN0095 $aIT-NA0079 901 $bNAP 01$cD $n$ 901 $bNAP BN$cMAGAZZINO $nmagazzini correnti divisi per anni 912 $aRAV1160457 950 0$aBiblioteca Centralizzata di Ateneo$c1 v.$d 01D (C) 22 909$e 01C 0800229095 VMA 1 v.$fY $h20120910$i20120910 977 $a 01$a BN 996 $aGiustizia sommaria$966313 997 $aUNISANNIO